[Event "FRA-ch op-D"]
[Site "Aix les Bains"]
[Date "2007.08.25"]
[Round "11"]
[White "Klein, Rene"]
[Black "Delzant, Pierre Richard"]
[Result "0-1"]
[WhiteElo "1490"]
[BlackElo "1330"]
[PlyCount "120"]
[EventDate "2007.08.13"]
[EventType "swiss"]
[EventRounds "11"]
[EventCountry "FRA"]
[SourceTitle "CBM 120 Extra"]
[Source "ChessBase"]
[SourceDate "2007.11.01"]
[SourceVersion "1"]
[SourceVersionDate "2007.11.01"]
[SourceQuality "1"]

1. e4 Nf6 2. Nc3 d5 3. d3 dxe4 4. d4 Nc6 5. Bb5 Bd7 6. Bxc6 Bxc6 7. h3 e6 8. Be3 Be7 9. Nge2 0-0 10. 0-0 a6 11. a3 b5 12. Nb1 Nd5 13. c3 Nxe3 14. fxe3 Bf6 15. Ng3 g6 16. Qg4 Bg7 17. Nd2 f5 18. Qe2 e5 19. Nb3 Bd5 20. Nd2 exd4 21. cxd4 Qd6 22. Qf2 c5 23. dxc5 Qxc5 24. Rac1 Qd6 25. b4 Bb2 26. Rcd1 Bxa3 27. Nb3 Bxb4 28. Nd2 Qe5 29. Qf4 Qxf4 30. Rxf4 Bc5 31. Ndf1 Rfd8 32. Rf2 a5 33. Rfd2 a4 34. Rxd5 Rxd5 35. Rxd5 Rc8 36. Ne2 b4 37. Nf4 b3 38. Ne6 Bb6 39. Rb5 Rc6 40. Nf4 Kf7 41. Nd5 Bd8 42. Rb7+ Ke6 43. Nf4+ Kd6 44. Ne2 Bb6 45. Nd4 b2 46. Nd2 b1Q+ 47. Nxb1 Rc1+ 48. Kh2 Rxb1 49. Nc2 Rb2 50. Na3 Kc6 51. Rxh7 Ra2 52. Nc4 a3 53. Rh6 Kb5 54. Nd6+ Kc5 55. Rxg6 Rb2 56. Nxf5 a2 57. Nd6 a1Q 58. Nxe4+ Kc4 59. Nd6+ Kd3 60. e4 Qf1 0-1

[Event "FRA-ch op-D"]
[Site "Aix les Bains"]
[Date "2007.08.21"]
[Round "7"]
[White "Joos, Rene"]
[Black "Delzant, Pierre Richard"]
[Result "0-1"]
[WhiteElo "1470"]
[BlackElo "1330"]
[PlyCount "81"]
[EventDate "2007.08.13"]
[EventType "swiss"]
[EventRounds "11"]
[EventCountry "FRA"]
[SourceTitle "CBM 120 Extra"]
[Source "ChessBase"]
[SourceDate "2007.11.01"]
[SourceVersion "1"]
[SourceVersionDate "2007.11.01"]
[SourceQuality "1"]

1. e4 Nf6 2. e5 Nd5 3. c4 Nb6 4. b3 d6 5. d4 Bf5 6. Bd3 Bxd3 7. Qxd3 e6 8. exd6 cxd6 9. Bb2 d5 10. c5 N6d7 11. Nc3 a6 12. Nf3 Be7 13. 0-0 0-0 14. Rfe1 Nc6 15. a3 Qc7 16. b4 b5 17. Re2 Bf6 18. Rae1 Rfe8 19. Nxd5 Qb7 20. Nxf6+ Nxf6 21. Ne5 Nxe5 22. Rxe5 Rad8 23. Qf3 Qxf3 24. gxf3 Nd5 25. R5e2 Kf8 26. Rc2 Nf4 27. Rd1 Rd5 28. Rdc1 Nd3 29. Rd1 Nxb2 30. Rxb2 Red8 31. f4 Rxd4 32. Rxd4 Rxd4 33. Rc2 Ke8 34. Kg2 Kd8 35. Kf3 Rd3+ 36. Ke4 Rxa3 37. c6 Kc7 38. Kd4 Ra4 39. Kc5 Ra1 40. Rd2 Rc1+ 41. Kd4 0-1